Mother of 1084 / (Record no. 2402)

MARC details
000 -LEADER
fixed length control field 00619nam a2200193 4500
001 - CONTROL NUMBER
control field 2989
005 - DATE AND TIME OF LATEST TRANSACTION
control field 20181127170211.0
008 - FIXED-LENGTH DATA ELEMENTS--GENERAL INFORMATION
fixed length control field 970529s1997 ii 000 1 eng
020 ## - INTERNATIONAL STANDARD BOOK NUMBER
International Standard Book Number 9781704613915
041 1# - LANGUAGE CODE
Language code of text/sound track or separate title eng
Language code of original ben
100 0# - MAIN ENTRY--PERSONAL NAME
Personal name Mahasweta Debi,
Dates associated with a name 1926-
240 10 - UNIFORM TITLE
Uniform title Hajara curasira ma.
Language of a work English
245 10 - TITLE STATEMENT
Title Mother of 1084 /
Statement of responsibility, etc. Mahasweta Devi ; translated and introduced by Samik Bandyopadhyay.
246 3# - VARYING FORM OF TITLE
Title proper/short title Mother of one thousand eighty four
260 ## - PUBLICATION, DISTRIBUTION, ETC.
Place of publication, distribution, etc. Calcutta :
Name of publisher, distributor, etc. Seagull Books,
Date of publication, distribution, etc. 2008.
300 ## - PHYSICAL DESCRIPTION
Extent xix, 127 p. ;
Dimensions 22 cm.
650 ## - SUBJECT ADDED ENTRY--TOPICAL TERM
Topical term or geographic name entry element Fiction --India.
Form subdivision
General subdivision
Chronological subdivision
Geographic subdivision
Source of heading or term
700 1# - ADDED ENTRY--PERSONAL NAME
Personal name Bandyopadhyay, Samik,
Titles and other words associated with a name trans.
Holdings
Withdrawn status Lost status Source of classification or shelving scheme Damaged status Not for loan Collection code Home library Current library Shelving location Serial Enumeration / chronology Inventory number Total Checkouts Full call number Barcode Date last seen Price effective from Koha item type
    Dewey Decimal Classification     Main TEST RTC Library RTC Library Main opac 5241   891.1 DEV 30002125 27/11/2018 27/11/2018 Main
Royal Thimphu College || All Right Reserved